JÁN SIRÁCKY, SŤAHOVANIE SLOVÁKOV NA DOLNÚ ZEM V 18. A 19. STOROČÍ

Bibliographic Details
Main Author: Pranda, Adam, 1924-1984 (Author)
Format: Article
Language:Slovak

MARC

LEADER 00000nab a2200000ua 4500
001 vtls010802179
003 SK-MaSNL
005 20260303152957.0
008 230222s1967 xo |||||||||||||||||slo|
035 |a (urnnbn)urn:nbn:sk:snk:ar-a037cl 
035 |a (uuid)50cb5be5-9da0-473c-8a89-e57cab741bb8 
035 |a urn:nbn:sk:snk-ab53zz 
040 |a SNKBUCL  |b slo  |c SNKBUCL  |e AACR2 
041 0 |a slo 
044 |a xo  |c SK 
100 1 |a Pranda, Adam,  |d 1924-1984  |4 aut  |9 107030 
245 1 0 |a JÁN SIRÁCKY, SŤAHOVANIE SLOVÁKOV NA DOLNÚ ZEM V 18. A 19. STOROČÍ  |c Adam Pranda 
773 0 |t Slovenský národopis : časopis Slovenskej akadémie vied  |g Roč. 15, č. 4 (1967), s. 603-604 
954 |a odborná, vedecká literatúra pôvodná (slovenská)  |2 lita 
958 |a OND 
958 |a EUIPO 
958 |a article3 
999 |c 2025762  |d 2027692